| 000 | 00931zálea2200253 Jo4500lena‡959085 | ||
|---|---|---|---|
| 003 | MX-MxUPN | ||
| 005 | 20260319064226.0 | ||
| 008 | 250212t2023 mx|ao|||r|||| 000 0 spa d | ||
| 020 | _a9786078817276 | ||
| 040 |
_aMX-MxUPN _bspa _cMX-MxUPN |
||
| 041 | 0 | _aspa | |
| 050 | 1 | 4 |
_aF2299 B55 _bG66 2023 |
| 100 | 1 |
_aGonzález-Güeto, Joy Helena _959085 |
|
| 245 | 1 | 0 |
_aRacialización : _bsentidos, sensaciones y emociones en barrios populares |
| 250 | _aPrimera edición. | ||
| 260 |
_aCiudad de México ; _bFacultad Latinoamericana de Ciencias Sociales, _c©2023. |
||
| 300 |
_a345 páginas : _bilustraciones, fotografías |
||
| 586 | _aPremio FLACSO México 2022 a las mejores tesis de Maestría y Doctorado. | ||
| 650 | 4 |
_aDiscriminación racial _zColombia _959084 |
|
| 650 | 4 |
_aDiscriminación racial _zEspaña _915092 |
|
| 902 |
_aBadillo Daniela 12/02/25 _bVíctor Ruiz/180326 |
||
| 942 |
_2lcc _cLIBRO _n0 |
||
| 999 |
_c212593 _d212593 |
||